| 000 | 00735nam a2200217 a 4500 | ||
|---|---|---|---|
| 999 |
_c687 _d687 |
||
| 005 | 20191217041556.0 | ||
| 008 | 140221b1992 ck ||||| |||| 00| 0 spa d | ||
| 040 |
_aCO-BoIAVH _cCO-BoIAVH |
||
| 041 | _aspa | ||
| 044 | _ack | ||
| 090 | _aIND- | ||
| 100 | 1 | _aTrujillo Navarrete, Enrique | |
| 245 | 1 | 0 | _aEfecto de reguladores hormonales sobre el crecimiento y desarrollo en plántulas de vivero en especies Forestales |
| 260 |
_aBogotá: _bInderena, _c1992 |
||
| 300 |
_a23 páginas, _bfolleto con fotografías a color _c16 x 24 cm |
||
| 490 |
_aInvestigaciones forestales, _v46 |
||
| 650 | 1 | _aPlantaciones forestales | |
| 650 | 1 | _aViveros forestales | |
| 700 | 1 | _aPinto Pinto, Gerardo | |
| 942 |
_cLIBRO _2z |
||